[Event "POL-chT IV GrB"]
[Site "Konin"]
[Date "2011.01.23"]
[Round "2"]
[White "Szrejter, Lukasz"]
[Black "Rupental, Janusz"]
[Result "1-0"]
[WhiteElo "1891"]
[BlackElo "1962"]
[PlyCount "59"]
[EventDate "2011.01.23"]
[EventType "team-tourn"]
[EventRounds "9"]
[EventCountry "POL"]
[SourceTitle "EXT 2019"]
[Source "ChessBase"]
[SourceDate "2018.10.10"]
[SourceVersion "1"]
[SourceVersionDate "2018.10.10"]
[SourceQuality "1"]
[WhiteTeam "Nowe Skalmierzyce Pogon"]
[BlackTeam "Konin Hetman II"]
[WhiteTeamCountry "POL"]
[BlackTeamCountry "POL"]

1. e4 e5 2. Nf3 d6 3. d4 exd4 4. Nxd4 g6 5. Nc3 Bg7 6. Be3 Nf6 7. Qd2 0-0 8. f3 Re8 9. 0-0-0 Nc6 10. g4 a6 11. h4 Ne5 12. Be2 b5 13. Bh6 Bh8 14. h5 c5 15. Nf5 Bxf5 16. gxf5 Qa5 17. hxg6 hxg6 18. Bg5 Bg7 19. Qxd6 Rad8 20. Qxf6 Rxd1+ 21. Bxd1 Nc4 22. Nd5 Re6 23. fxg6 Bxf6 24. Nxf6+ Kf8 25. Rh8+ Ke7 26. Re8+ Kd6 27. gxf7 Qxa2 28. f8Q+ Kc6 29. Rxe6+ Kb7 30. Qg7+ 1-0

[Event "POL-chT 2nd League"]
[Site "Wysowa"]
[Date "2007.09.08"]
[Round "5"]
[White "Jaroch, Karol"]
[Black "Rupental, Janusz"]
[Result "1-0"]
[WhiteElo "2174"]
[BlackElo "2000"]
[PlyCount "77"]
[EventDate "2007.09.03"]
[EventType "team-swiss"]
[EventRounds "9"]
[EventCountry "POL"]
[SourceTitle "EXT 2010"]
[Source "ChessBase"]
[SourceDate "2010.11.25"]
[SourceVersion "1"]
[SourceVersionDate "2010.11.25"]
[SourceQuality "1"]
[WhiteTeam "Bydgoszcz UKS MDK Nr 5"]
[BlackTeam "Konin Hetman"]
[WhiteTeamCountry "POL"]
[BlackTeamCountry "POL"]

1. c4 Nf6 2. Nc3 g6 3. e4 d6 4. d4 Bg7 5. f3 0-0 6. Be3 e5 7. d5 Nbd7 8. Qd2 a6 9. Nge2 Re8 10. g4 Nf8 11. Ng3 c6 12. dxc6 bxc6 13. g5 Nh5 14. Nxh5 gxh5 15. 0-0-0 Be6 16. Qxd6 Qa5 17. Qc5 Qc7 18. Nd5 Bxd5 19. cxd5 Rec8 20. Bh3 Nd7 21. d6 Qb7 22. Qc2 Rd8 23. Rd3 a5 24. Kb1 a4 25. Rc1 Rab8 26. Rc3 c5 27. Bxd7 Qxd7 28. Bxc5 h6 29. gxh6 Bxh6 30. Rg1+ Kh7 31. Ba3 Qa7 32. Rd1 Rb7 33. Rc4 Be3 34. Rxa4 Qb8 35. Qe2 Bd4 36. Raxd4 exd4 37. f4 Qa7 38. Qxh5+ Kg8 39. Rg1+ 1-0